[Event "Tarragona-ch"]
[Site "Tarragona"]
[Date "2003.??.??"]
[Round "4"]
[White "Chavarria Fores, Fernando"]
[Black "Perez Pacheco, Ventura"]
[Result "0-1"]
[WhiteElo "2090"]
[BlackElo "2005"]
[PlyCount "54"]
[EventDate "2003.??.??"]
[EventType "swiss"]
[EventRounds "9"]
[EventCountry "ESP"]
[SourceTitle "EXT 2007"]
[Source "ChessBase"]
[SourceDate "2006.11.23"]
[SourceVersion "1"]
[SourceVersionDate "2006.11.23"]
[SourceQuality "1"]

1. e4 d5 2. exd5 Qxd5 3. Nc3 Qa5 4. Nf3 c6 5. d4 Nf6 6. Bd2 Bg4 7. h3 Bxf3 8. Qxf3 Nbd7 9. 0-0-0 e6 10. Kb1 Bb4 11. a3 Be7 12. g4 Qb6 13. Bf4 Nd5 14. Nxd5 cxd5 15. h4 Nf6 16. Rd3 a6 17. Be5 Ne4 18. Bxg7 Rg8 19. Be5 Bxa3 20. b3 a5 21. Qe2 Bb4 22. Rhh3 Rc8 23. c4 dxc4 24. Qxe4 cxd3 25. Rxd3 Bc3 26. Ka2 a4 27. Rxc3 Rxc3 0-1

[Event "Tarragona-ch"]
[Site "Tarragona"]
[Date "2003.??.??"]
[Round "6"]
[White "Gallimo Llao, Enric"]
[Black "Perez Pacheco, Ventura"]
[Result "1/2-1/2"]
[WhiteElo "2055"]
[BlackElo "2005"]
[PlyCount "44"]
[EventDate "2003.??.??"]
[EventType "swiss"]
[EventRounds "9"]
[EventCountry "ESP"]
[SourceTitle "EXT 2007"]
[Source "ChessBase"]
[SourceDate "2006.11.23"]
[SourceVersion "1"]
[SourceVersionDate "2006.11.23"]
[SourceQuality "1"]

1. d4 d5 2. c4 c6 3. g3 Nf6 4. Bg2 e6 5. Nf3 Be7 6. 0-0 0-0 7. Nc3 Nbd7 8. cxd5 exd5 9. Bf4 Nh5 10. Bd2 Ndf6 11. Rc1 Bd6 12. Qb3 Qe7 13. Rfe1 h6 14. a3 Re8 15. Na4 Ne4 16. Nc3 Nhf6 17. Rcd1 Bg4 18. Bc1 Qc7 19. Nxe4 Nxe4 20. Nd2 Nxd2 21. Rxd2 Bf5 22. Rdd1 Re7 1/2-1/2